| 000 | 00452nam a22001577a 4500 | ||
|---|---|---|---|
| 999 |
_c5026 _d5026 |
||
| 008 | 201005b ||||| |||| 00| 0 eng d | ||
| 082 | 0 | 0 |
_223rd ed. _a370 _bS7451 |
| 100 |
_94011 _aSpencer, Herbert |
||
| 245 | 1 | 0 |
_aEducation: intellectual, moral and physical / _cby Herbert Spencer |
| 250 | _a1st ed. | ||
| 260 |
_aLondon: _bWatts & Co., _c1945. |
||
| 300 | _a183 p. | ||
| 440 | _a(The Thinker's Library ; No. 2) | ||
| 650 | 0 | _aEducation | |
| 942 | _cBK | ||